| 000 | 01410cam a22003014a 4500 | ||
|---|---|---|---|
| 999 |
_c234843 _d234843 |
||
| 001 | 12249274 | ||
| 003 | Nust | ||
| 005 | 20170331114254.0 | ||
| 008 | 001205s2001 nyua b 001 0 eng | ||
| 010 | _a 00068379 | ||
| 020 | _a0071372660 (acidfree paper) | ||
| 040 |
_aDLC _cDLC _dDLC |
||
| 042 | _apcc | ||
| 050 | 0 | 0 |
_a333.714 IAN _b.L47 2001 |
| 082 | 0 | 0 |
_a333.714 IAN _221 |
| 100 | 1 |
_aLerche, I. _q(Ian) |
|
| 245 | 1 | 0 |
_aEnvironmental risk analysis / _cIan Lerche, Evan K. Paleologos. |
| 260 |
_aNew York : _bMcGraw-Hill, _cc2001. |
||
| 300 |
_axvi, 436 p. : _bill. ; _c24 cm. |
||
| 440 | 0 | _aMcGraw-Hill professional engineering | |
| 500 | _aH.B | ||
| 504 | _aIncludes bibliographical references (p. 423-429) and index. | ||
| 650 | 0 | _aEnvironmental risk assessment. | |
| 700 | 1 | _aPaleologos, Evan K. | |
| 856 | 4 | 2 |
_3Contributor biographical information _uhttp://www.loc.gov/catdir/bios/mh041/00068379.html |
| 856 | 4 | 2 |
_3Publisher description _uhttp://www.loc.gov/catdir/description/mh024/00068379.html |
| 856 | 4 | 1 |
_3Table of contents _uhttp://www.loc.gov/catdir/toc/mh023/00068379.html |
| 906 |
_a7 _bcbc _corignew _d1 _eocip _f20 _gy-gencatlg |
||
| 942 |
_2ddc _cBK _k333.714 IAN |
||